000 00334 a2200157 4500
001 56707
020 _a8500482419
040 _cAnchieta - Pituba
100 _aMendes, Sulema
240 1 0 _aUma vitória legal
_lpor
245 1 0 _aUma vitória legal
300 _a95
362 0 _a1977
650 4 _aLiteratura juvenil
942 _cBK
999 _c56707
_d56707